000 00679cam a22002053a 4500
001 39163
003 PGUSA
005 20140828083853.0
008 120316s2012||||xxu|||||s|||||000 | eng d
040 _aPGUSA
_beng
042 _adc
100 1 _aDalton, William,
_d1821-1875
245 1 4 _aThe War Tiger :
_bOr, Adventures and Wonderful Fortunes of the Young Sea Chief and His Lad Chow: A Tale of the Conquest of China
_h[electronic resource] /
_cWilliam Dalton
260 _bProject Gutenberg,
_c2012
506 _aPublic domain in the USA.
516 _aElectronic text
830 0 _aProject Gutenberg
_v39163
856 4 0 _uhttp://www.gutenberg.org/ebooks/39163
942 _cEB
999 _c268416
_d268416